Journaliosm and mass media in 21st century / (Record no. 4302)

MARC details
000 -LEADER
fixed length control field 00615 a2200193 4500
005 - DATE AND TIME OF LATEST TRANSACTION
control field 20180922143404.0
010 ## - LCCN (DPL NO)
LC control number ENG-86152
020 ## - INTERNATIONAL STANDARD BOOK NUMBER
International Standard Book Number 8189612670
Terms of availability 750.00
035 ## - SYSTEM CONTROL NUMBER
System control number EN-69685
037 ## - SOURCE OF ACQUISITION
Source of stock number/acquisition DBAD/ PUB
082 ## - DEWEY DECIMAL CLASSIFICATION NUMBER
Classification number 302.23
245 ## - TITLE STATEMENT
Title Journaliosm and mass media in 21st century /
Statement of responsibility, etc edited by R. P. Yadav
260 ## - PUBLICATION, DISTRIBUTION, ETC. (IMPRINT)
Place of publication, distribution, etc New Delhi
Name of publisher, distributor, etc Omega Publications
Date of publication, distribution, etc 2006
270 ## - ADDRESS
Address 4398/5, Ansari Road, Daryaganj
City New Delhi
Postal code 110002
Telephone number 65901906
Electronic mail address gph2004@yahoo.co.in
300 ## - PHYSICAL DESCRIPTION
Extent vi, 264 p.
Dimensions 22cm. (Hb.)
500 ## - GENERAL NOTE
General note Includes index
700 ## - ADDED ENTRY--PERSONAL NAME
Personal name Yadav, R. P.
942 ## - ADDED ENTRY ELEMENTS (KOHA)
Institution code [OBSOLETE] dpl
Item type English Books
Source of classification or shelving scheme Dewey Decimal Classification
Classification part 302.23
Call number suffix JOU
Holdings
Withdrawn status Lost status Not for loan Collection code Home library Current library Source of acquisition Cost, normal purchase price Full call number Barcode Copy number Cost, replacement price Koha item type
    Not For Loan Non-fiction D.B.Act.Division D.B.Act.Division DBAD/PUB 750.00 302.23 JOU EN-69685 1 750.00 English Books

© Delhi Public Library
Hit Counter
free hit counter